MARC

Tag First Indicator Second Indicator Subfields
LEADER 00000cam a2200000Ia 4500
001 in00002444094
005 20151111041921.0
008 090706s2009 txua bt s000 0 eng d
035 |a (OCoLC)ocn422635658 
035 |a (OCoLC)422635658 
040 |a IKM  |c IKM  |d TXA  |d UtOrBLW 
049 |a TXAM 
086 |a Z TA505.7 R299SW NO.09/169201-1  |2 txdocs 
090 |a TA1001  |b .R477 no.09/169201-1 
100 1 |a Boske, Leigh B. 
245 1 0 |a Analysis of Texas biofuel supply chains originating in the United States Midwest and Brazil /  |c by Leigh B. Boske and James T. Woodward. 
264 1 |a College Station, Tex. :  |b Southwest Region University Transportation Center, Texas Transportation Institute, Texas A&M University System ;  |a Springfield, Va. :  |b Available through the National Technical Information Service,  |c [2009] 
300 |a xii, 82 pages :  |b illustrations (some color), maps (some color) ;  |c 28 cm. 
336 |a text  |b txt  |2 rdacontent 
337 |a unmediated  |b n  |2 rdamedia 
338 |a volume  |b nc  |2 rdacarrier 
490 1 |a Research report SWUTC ;  |v 09/169201-1 
500 |a "March 2009." 
536 |a Supported by general revenues from the State of Texas and sponsored by the Southwest Region University Transportation Center 
504 |a Includes bibliographical references (pages 73-82). 
650 0 |a Biomass energy  |z United States. 
650 0 |a Biomass energy  |z Brazil. 
650 0 |a Renewable energy sources  |z United States. 
650 0 |a Renewable energy sources  |z Brazil. 
650 0 |a Business logistics. 
650 0 |a Delivery of goods  |x Management. 
700 1 |a Woodward, James T. 
710 2 |a Texas Transportation Institute. 
710 2 |a Southwest Region University Transportation Center (U.S.) 
710 2 |a University Transportation Centers Program (U.S.) 
830 0 |a Research report (Southwest Region University Transportation Center (U.S.)) ;  |v 09/169201-1. 
948 |a cataloged  |b h  |c 2009/7/9  |d c  |e ceaton  |f 10:21:09 am 
994 |a C0  |b TXA 
999 |a MARS 
999 f f |s 4efe284a-b253-3c43-bd6d-191bdee5692a  |i 36ce4b6b-e483-3388-8496-cf8ff5f2851c  |t 0 
952 f f |p normal  |a Texas A&M University  |b College Station  |c Sterling C. Evans Library  |d Evans: Library Stacks  |t 0  |e TA1001 .R477 no.09/169201-1  |h Library of Congress classification  |i unmediated -- volume  |m A14837193750 
952 f f |p noncirc  |a Texas A&M University  |b College Station  |c Cushing Memorial Library & Archives  |d Cushing: Texas A&M (Does not check out)  |t 0  |e TA1001 .R477 no.09/169201-1  |h Library of Congress classification  |i unmediated -- volume 
998 f f |a TA1001 .R477 no.09/169201-1  |t 0  |l Evans: Library Stacks 
998 f f |a TA1001 .R477 no.09/169201-1  |t 0  |l Cushing: Texas A&M (Does not check out)